| 000 | 00934nam a2200229 a 4500 | ||
|---|---|---|---|
| 001 | 79269 | ||
| 003 | BD-RjUL | ||
| 005 | 20220130103436.0 | ||
| 008 | 220130s2021 bg ||||| |||| 00| 0 eng d | ||
| 020 |
_a9789845982856 _c:Tk.675.00 |
||
| 035 | _a(BD-RjUL)79269 | ||
| 040 |
_aBD-RjUL _beng _cBD-RjUL |
||
| 041 | _aben | ||
| 082 |
_223 _a954.9205092 _bHAB 2021 |
||
| 100 |
_aহাসিনা, শেখ _9954 |
||
| 245 | 1 | 0 |
_aবঙ্গবন্ধু শেখ মুজিবুর রহমান জনক আমার নেতা আমার / _cশেখ হাসিনা |
| 260 |
_aঢাকা : _bচারুলিপি প্রকাশন , _c২০২১ |
||
| 300 |
_a১৯৯ পৃ.: _bচিত্রসমূহ; _c২৫ সেমি. |
||
| 600 |
_aমুজিবুর রহমান, _cশেখ, _d১৯২০-১৯৭৫ |
||
| 600 |
_aMujibur Rahman, _cSheikh, _d1920-1975 |
||
| 942 |
_2ddc _cBK |
||
| 999 |
_c79269 _d79269 |
||